[Event "Excelsior May op U2000"]
[Site "Toronto CAN"]
[Date "2023.05.20"]
[Round "2.8"]
[White "Ajith, Aarush"]
[Black "Luger, Sam"]
[Result "0-1"]
[WhiteElo "1667"]
[BlackElo "1958"]
[PlyCount "108"]
[EventDate "2023.05.19"]
[EventType "swiss"]
[EventRounds "5"]
[EventCountry "CAN"]

1. d4 Nf6 2. Bg5 d5 3. Nd2 c5 4. e3 Nc6 5. Ngf3 Ne4 6. Bf4 Bf5 7. Nxe4 Bxe4 8.
Ne5 Qb6 9. f3 Bg6 10. Nxc6 bxc6 11. b3 e6 12. c3 Be7 13. Bd3 Bd8 14. O-O O-O
15. Re1 a5 16. Rb1 Re8 17. Bxg6 hxg6 18. Qc2 Bf6 19. b4 axb4 20. a3 e5 21. dxe5
Bxe5 22. Bxe5 Rxe5 23. axb4 Rae8 24. Qd2 Qa7 25. b5 cxb5 26. Rxb5 Qe7 27. Kf2
Qh4+ 28. Kg1 Qc4 29. Rbb1 g5 30. h3 g6 31. Rbc1 Kh7 32. Rb1 R8e7 33. Ra1 Qb5
34. Rab1 Qc6 35. Ra1 Qe6 36. Kf2 Kg7 37. Qd3 Qb6 38. Rab1 Qf6 39. Rb5 Qa6 40.
Qb1 Qa7 41. Qc2 R7e6 42. Qb2 Qa4 43. Rxc5 Qh4+ 44. Kf1 Rxe3 45. Rxe3 Rxe3 46.
Qd2 Re5 47. f4 Re4 48. fxg5 d4 49. cxd4 Rxd4 50. Qc3 Kh7 51. Kg1 Rd1+ 52. Kh2
Qf4+ 53. Qg3 Rh1+ 54. Kxh1 Qxg3 0-1

[Event "Excelsior May op U2000"]
[Site "Toronto CAN"]
[Date "2023.05.20"]
[Round "2.9"]
[White "Faisy, Mohammed"]
[Black "Desikan, Ajith"]
[Result "1-0"]
[WhiteElo "1839"]
[BlackElo "1660"]
[PlyCount "43"]
[EventDate "2023.05.19"]
[EventType "swiss"]
[EventRounds "5"]
[EventCountry "CAN"]

1. e4 c5 2. Nf3 d6 3. d4 cxd4 4. Nxd4 Nf6 5. Nc3 a6 6. Bg5 e6 7. f4 Be7 8. Qf3
Qc7 9. O-O-O Nbd7 10. Bd3 O-O 11. Rhe1 b5 12. Kb1 Bb7 13. Qh3 g6 14. e5 dxe5
15. fxe5 Bc5 16. Nxe6 fxe6 17. Qxe6+ Kg7 18. exf6+ Nxf6 19. Bxb5 Bc8 20. Bxf6+
Rxf6 21. Qxf6+ Kxf6 22. Nd5+ 1-0

[Event "Excelsior May op U2000"]
[Site "Toronto CAN"]
[Date "2023.05.20"]
[Round "2.10"]
[White "Zhao, Jifan"]
[Black "Murali, Dhruv"]
[Result "1/2-1/2"]
[WhiteElo "1825"]
[BlackElo "1605"]
[PlyCount "76"]
[EventDate "2023.05.19"]
[EventType "swiss"]
[EventRounds "5"]
[EventCountry "CAN"]

1. e4 g6 2. d4 Bg7 3. Nc3 d6 4. Be3 Nc6 5. Qd2 e5 6. d5 Nb8 7. Be2 Nf6 8. f3
Nbd7 9. Nh3 a6 10. O-O O-O 11. Nf2 b6 12. Nd3 Bb7 13. Rad1 Re8 14. Bh6 Nc5 15.
Bxg7 Kxg7 16. b4 Nxd3 17. Qxd3 Nh5 18. Qe3 Nf4 19. g3 Nxe2+ 20. Nxe2 f5 21. c4
a5 22. b5 Qe7 23. a4 Bc8 24. Nc3 Rf8 25. f4 Bd7 26. fxe5 Qxe5 27. Qd4 Rae8 28.
Rfe1 fxe4 29. Rxe4 Qxd4+ 30. Rdxd4 Rxe4 31. Rxe4 Bh3 32. Rf4 Rxf4 33. gxf4 Bf5
34. Nd1 Kf6 35. Ne3 g5 36. fxg5+ Kxg5 37. Kf2 Kf4 38. Nxf5 Kxf5 1/2-1/2

[Event "Excelsior May op U2000"]
[Site "Toronto CAN"]
[Date "2023.05.20"]
[Round "2.11"]
[White "Huang, Ivan"]
[Black "Deepak, Laksshana"]
[Result "0-1"]
[WhiteElo "1593"]
[BlackElo "1726"]
[PlyCount "103"]
[EventDate "2023.05.19"]
[EventType "swiss"]
[EventRounds "5"]
[EventCountry "CAN"]

1. d4 Nf6 2. Nf3 g6 3. g3 Bg7 4. Bg2 d5 5. c4 c6 6. O-O dxc4 7. Qc2 b5 8. a4
Bb7 9. e4 a6 10. Re1 O-O 11. Nc3 Nbd7 12. Bf4 Re8 13. axb5 cxb5 14. d5 Nb6 15.
Ne2 b4 16. Be3 Rc8 17. Bh3 e6 18. Nfd4 b3 19. Qc1 Nxe4 20. dxe6 f5 21. Rd1 Nd5
22. f3 c3 23. fxe4 cxb2 24. Qxb2 Nxe3 25. Rd3 Nc2 26. Rad1 Bxe4 27. Qxb3 Nxd4
28. Nxd4 Kh8 29. R3d2 Bd5 30. Qe3 Qf6 31. Nxf5 Rc3 32. Qd4 Qxd4+ 33. Nxd4 Bh6
34. Re2 Be3+ 35. Rxe3 Rxe3 36. Kf2 Re5 37. Kg1 Kg7 38. Rd2 a5 39. Rd1 a4 40.
Ra1 Rf8 41. Nc2 Re2 42. Nd4 Re4 43. Nc2 Bb3 44. Bg2 Rxe6 45. Nd4 Re3 46. Nxb3
axb3 47. Rb1 b2 48. Bh3 Rb8 49. Kf2 Ra3 50. Bg2 Ra1 51. Be4 Rxb1 52. Bxb1 0-1

[Event "Excelsior May op U2000"]
[Site "Toronto CAN"]
[Date "2023.05.20"]
[Round "2.12"]
[White "Huang, Justin"]
[Black "Orlovsky, Konstantin"]
[Result "0-1"]
[WhiteElo "1579"]
[BlackElo "1824"]
[PlyCount "152"]
[EventDate "2023.05.19"]
[EventType "swiss"]
[EventRounds "5"]
[EventCountry "CAN"]

1. d4 c5 2. d5 d6 3. c4 Nf6 4. Nc3 g6 5. e4 Bg7 6. f3 a6 7. Be3 O-O 8. Qd2 Re8
9. g4 b5 10. h4 b4 11. Nce2 e6 12. Ng3 Bb7 13. dxe6 Rxe6 14. h5 Nc6 15. hxg6
hxg6 16. Bh6 Bh8 17. O-O-O Qa5 18. Kb1 Nd4 19. Nf5 Nxf3 20. Nxf3 Bxe4+ 21. Bd3
Bxf3 22. Bg7 Bxg7 23. Nxg7 Ne4 24. Rh8+ Kxg7 25. Qh6+ Kf6 26. Qf4+ Ke7 27. Rxa8
Nc3+ 28. bxc3 Bxa8 29. Rf1 f6 30. Qh2 bxc3 31. Ka1 Qa3 32. Rb1 Kd7 33. Bxg6 Re7
34. Bf5+ Kc7 35. Qh8 Bb7 36. Qxf6 Rd7 37. Qg6 c2 38. Bxc2 Qc3+ 39. Rb2 Re7 40.
Bb1 Qxc4 41. Qf6 Qe6 42. Qf4 Bc6 43. g5 Rf7 44. Qd2 Qe5 45. Qa5+ Kd7 46. g6 Rf2
47. Qb6 Qxb2+ 48. Qxb2 Rxb2 49. Kxb2 Ke7 50. Kc3 Kf6 51. Kc4 Ke5 52. Kc3 Bd5
53. a3 a5 54. Bd3 Kf6 55. Bc2 Be6 56. Be4 d5 57. Bc2 d4+ 58. Kd2 Bd7 59. Bd3
Be8 60. g7 Kxg7 61. Bc4 Bf7 62. Be2 c4 63. Kc2 Kf6 64. Kd2 Ke5 65. Bf1 Kd6 66.
Be2 Kc5 67. Bd1 Bg6 68. Ba4 c3+ 69. Kc1 Kc4 70. Kd1 d3 71. Kc1 Bh5 72. Kb1 d2
73. Bc2 Bg6 74. Ka2 Bxc2 75. a4 d1=Q 76. Ka3 Qa1# 0-1

[Event "Excelsior May op U2000"]
[Site "Toronto CAN"]
[Date "2023.05.20"]
[Round "2.13"]
[White "Hettigama, Thusitha"]
[Black "Ambilwade, Ojal"]
[Result "0-1"]
[WhiteElo "1684"]
[BlackElo "1632"]
[PlyCount "60"]
[EventDate "2023.05.19"]
[EventType "swiss"]
[EventRounds "5"]
[EventCountry "CAN"]

1. c4 Nf6 2. Nf3 c5 3. Nc3 Nc6 4. e3 e6 5. d4 d5 6. Be2 Be7 7. O-O O-O 8. b3 b6
9. Bb2 Bb7 10. Rc1 Rc8 11. Re1 cxd4 12. exd4 dxc4 13. Bxc4 Bd6 14. Ne5 a6 15.
f4 Re8 16. Qd2 Nxd4 17. Kh1 Nf5 18. Qe2 b5 19. Bd3 Nd4 20. Qe3 Bc5 21. Qh3 h6
22. Rcd1 Qc7 23. Bb1 Red8 24. Rd3 Nf5 25. Red1 Bd4 26. Ng4 Nxg4 27. Qxg4 Ne3
28. Rxe3 Bxe3 29. Nd5 f5 30. Nxc7 fxg4 0-1

[Event "Excelsior May op U2000"]
[Site "Toronto CAN"]
[Date "2023.05.20"]
[Round "3.6"]
[White "Deepak, Laksshana"]
[Black "Cottrell, Deparse"]
[Result "0-1"]
[WhiteElo "1726"]
[BlackElo "1604"]
[PlyCount "99"]
[EventDate "2023.05.19"]
[EventType "swiss"]
[EventRounds "5"]
[EventCountry "CAN"]

1. e4 c5 2. Nf3 Nc6 3. d4 cxd4 4. Nxd4 Nf6 5. Nc3 e5 6. Ndb5 d6 7. Nd5 Nxd5 8.
exd5 Nb8 9. c4 a6 10. Nc3 Be7 11. Be3 O-O 12. Qc2 f5 13. f3 f4 14. Bf2 Bf5 15.
Bd3 Bxd3 16. Qxd3 Nd7 17. O-O-O Rc8 18. Kb1 Nc5 19. Qe2 Qa5 20. Be1 Rb8 21. g4
Rfc8 22. Bd2 Qc7 23. Rde1 g5 24. h4 b5 25. hxg5 bxc4 26. Qxc4 Qb7 27. Bc1 Na4
28. Qxa4 Rxc3 29. b3 Qxd5 30. Bb2 Rc7 31. Qxa6 Qxf3 32. Bxe5 dxe5 33. Qe6+ Kf8
34. Qf5+ Ke8 35. Qxe5 Qd3+ 36. Ka1 Qc3+ 37. Qxc3 Rxc3 38. g6 Re3 39. Rxe3 fxe3
40. gxh7 Bf6+ 41. Kb1 Kf7 42. g5 Bh8 43. Kc2 Rd8 44. Re1 Rd2+ 45. Kb1 e2 46.
Rc1 Be5 47. h8=Q Rb2+ 48. Ka1 Bxh8 49. g6+ Kxg6 50. a4 0-1

[Event "Excelsior May op U2000"]
[Site "Toronto CAN"]
[Date "2023.05.20"]
[Round "3.7"]
[White "Sreekumar, Gauri"]
[Black "Faisy, Mohammed"]
[Result "0-1"]
[WhiteElo "1557"]
[BlackElo "1839"]
[PlyCount "174"]
[EventDate "2023.05.19"]
[EventType "swiss"]
[EventRounds "5"]
[EventCountry "CAN"]

1. d4 Nf6 2. c4 e6 3. Nf3 d5 4. g3 dxc4 5. Bg2 Bb4+ 6. Bd2 a5 7. O-O O-O 8. a3
Be7 9. Qc2 Nc6 10. Rd1 Bd7 11. Qxc4 b5 12. Qc2 Rb8 13. Nc3 b4 14. axb4 Nxb4 15.
Qb1 c6 16. Ne5 Qb6 17. Be3 Nbd5 18. Nc4 Qa6 19. Nxd5 cxd5 20. Nxa5 Qxe2 21. Rd2
Qb5 22. Bf1 Qb6 23. Rc2 Ra8 24. b4 Bxb4 25. Rb2 Rxa5 26. Rxa5 Qxa5 27. Rxb4 h6
28. Bd3 Rc8 29. h3 Qc7 30. Ba6 Ra8 31. Bd3 Be8 32. Rb7 Qc3 33. Rb3 Qa1 34. Qxa1
Rxa1+ 35. Kg2 Ra8 36. Rb2 Ra3 37. Bc2 Rc3 38. Bb1 g5 39. g4 Kg7 40. Rb8 Ba4 41.
Rb2 Bc6 42. Kh2 Nd7 43. Bd2 Rc4 44. Be3 Kf6 45. Ba2 Rc3 46. Bd2 Ra3 47. Rc2 Ba4
48. Rb2 Bd1 49. Bc1 Rd3 50. Be3 Bf3 51. Bb1 Rd1 52. Kg3 Bh1 53. Bc2 Re1 54. Bd2
Rf1 55. Bd3 Rd1 56. Be2 Ra1 57. Bd3 Ra3 58. Kh2 Rxd3 59. Kxh1 Rxh3+ 60. Kg2 Rd3
61. Be3 Nf8 62. Rb8 Kg7 63. Rd8 Ng6 64. Kf3 Nf4 65. Rd7 Kf6 66. Rd8 Ke7 67. Rh8
e5 68. dxe5 d4 69. Rxh6 dxe3 70. fxe3 Nd5 71. Ke4 Rd1 72. Rh5 f6 73. Rh7+ Ke6
74. Kf3 Kxe5 75. e4 Rd3+ 76. Kf2 Kxe4 77. Rd7 Kf4 78. Ke2 Re3+ 79. Kf2 Re5 80.
Ra7 Kxg4 81. Ra4+ Nf4 82. Ra6 f5 83. Ra4 Re2+ 84. Kf1 Rb2 85. Kg1 Rb3 86. Kf2
Rf3+ 87. Ke1 Kg3 0-1

[Event "Excelsior May op U2000"]
[Site "Toronto CAN"]
[Date "2023.05.20"]
[Round "3.8"]
[White "Ambilwade, Ojal"]
[Black "Pham, Thai"]
[Result "1-0"]
[WhiteElo "1632"]
[BlackElo "1753"]
[PlyCount "69"]
[EventDate "2023.05.19"]
[EventType "swiss"]
[EventRounds "5"]
[EventCountry "CAN"]

1. c4 Nf6 2. Nc3 c5 3. Nf3 g6 4. e3 Bg7 5. d4 cxd4 6. exd4 d5 7. Be2 O-O 8. O-O
Nc6 9. h3 a6 10. Be3 dxc4 11. Bxc4 b5 12. Be2 Nd5 13. Nxd5 Qxd5 14. Rc1 Bb7 15.
a4 Rfd8 16. axb5 axb5 17. Rc5 Qxc5 18. dxc5 Rxd1 19. Rxd1 b4 20. Nd4 Nxd4 21.
Bxd4 Rd8 22. Bxg7 Rxd1+ 23. Bxd1 Kxg7 24. Ba4 Kf6 25. Bd7 Ke5 26. c6 Ba6 27. c7
Kd4 28. c8=Q Bxc8 29. Bxc8 b3 30. Ba6 g5 31. Kf1 h5 32. Be2 h4 33. Bh5 Kd3 34.
Bxf7 Kc2 35. Ke2 1-0

[Event "Excelsior May op U2000"]
[Site "Toronto CAN"]
[Date "2023.05.20"]
[Round "3.9"]
[White "O'Neill, Michael"]
[Black "Zhao, Jifan"]
[Result "1/2-1/2"]
[WhiteElo "1543"]
[BlackElo "1825"]
[PlyCount "75"]
[EventDate "2023.05.19"]
[EventType "swiss"]
[EventRounds "5"]
[EventCountry "CAN"]

1. e4 e6 2. d4 d5 3. Nc3 Nf6 4. e5 Nfd7 5. f4 c5 6. Nf3 Nc6 7. Be3 Be7 8. Qd2
O-O 9. dxc5 Nxc5 10. O-O-O b6 11. h4 Bb7 12. h5 Ne4 13. Nxe4 dxe4 14. Nd4 Nxd4
15. Bxd4 Rc8 16. Be2 Bc5 17. Bxc5 Qxd2+ 18. Rxd2 Rxc5 19. Rd7 Rfc8 20. c3 R5c7
21. Rhd1 Bd5 22. Rxc7 Rxc7 23. Rd4 h6 24. a3 g6 25. g4 gxh5 26. gxh5 f6 27.
exf6 Kf7 28. Kd2 Kxf6 29. Ke3 Bb7 30. Rd8 Rg7 31. Rh8 Rg3+ 32. Kf2 Rh3 33. Kg2
Re3 34. Rxh6+ Kf5 35. Kf2 Rh3 36. Kg2 Re3 37. Kf2 Rh3 38. Kg2 1/2-1/2

[Event "Excelsior May op U2000"]
[Site "Toronto CAN"]
[Date "2023.05.20"]
[Round "3.10"]
[White "Orlovsky, Konstantin"]
[Black "Chertkow, Matthew"]
[Result "1-0"]
[WhiteElo "1824"]
[BlackElo "1598"]
[PlyCount "135"]
[EventDate "2023.05.19"]
[EventType "swiss"]
[EventRounds "5"]
[EventCountry "CAN"]

1. d4 Nf6 2. Nc3 d5 3. Bg5 Bf5 4. Bxf6 exf6 5. g3 Bb4 6. Bg2 Qd6 7. e3 Bxc3+ 8.
bxc3 Nd7 9. Ne2 Nb6 10. O-O O-O 11. Nf4 c6 12. Nd3 Nc4 13. Nc5 b6 14. Nb3 Rab8
15. Nd2 Nxd2 16. Qxd2 b5 17. Rfb1 a5 18. Rb3 a4 19. Rb4 Rfc8 20. Rab1 Re8 21.
Qd1 Bd7 22. Qd2 Bf5 23. Bf1 Be4 24. Bd3 Qe6 25. Bxe4 Qxe4 26. Qd3 f5 27. Qxe4
fxe4 28. c4 dxc4 29. d5 cxd5 30. Rxb5 Rxb5 31. Rxb5 Rd8 32. Ra5 g6 33. Rxa4 Kg7
34. Rb4 Kf6 35. Kf1 Ke6 36. Ke2 Kd6 37. c3 Rd7 38. Kd2 Ra7 39. a4 f5 40. Kc2
Kc5 41. Kb2 Ra6 42. Rb5+ Kc6 43. Ka3 h5 44. Kb4 Kd6 45. a5 Kc6 46. h4 Kd6 47.
Rb6+ Rxb6+ 48. axb6 Kc6 49. b7 Kxb7 50. Kc5 Kc7 51. Kxd5 Kd7 52. Kxc4 Kc6 53.
Kd4 Kd6 54. c4 Kc6 55. c5 Kd7 56. Kd5 Kc7 57. c6 Kc8 58. Kd6 Kd8 59. c7+ Kc8
60. Ke6 Kxc7 61. Kf6 Kd6 62. Kxg6 Ke6 63. Kxh5 Kf6 64. g4 fxg4 65. Kxg4 Kg6 66.
Kf4 Kh5 67. Kxe4 Kxh4 68. Kf5 1-0

[Event "Excelsior May op U2000"]
[Site "Toronto CAN"]
[Date "2023.05.20"]
[Round "3.11"]
[White "Murali, Dhruv"]
[Black "Ajith, Aarush"]
[Result "0-1"]
[WhiteElo "1605"]
[BlackElo "1667"]
[PlyCount "156"]
[EventDate "2023.05.19"]
[EventType "swiss"]
[EventRounds "5"]
[EventCountry "CAN"]

1. b3 d6 2. Bb2 e5 3. e3 Nf6 4. d4 exd4 5. exd4 Be7 6. Nf3 Bf5 7. Be2 O-O 8.
Nbd2 d5 9. O-O Nbd7 10. c4 c6 11. Nb1 Ne4 12. Nc3 Nxc3 13. Bxc3 Nf6 14. Bd3 Ne4
15. Qc2 Bg6 16. Bxe4 Bxe4 17. Qe2 Bd6 18. c5 Bc7 19. Nd2 Bf5 20. Qf3 Qg5 21.
Rfe1 Rfe8 22. Nf1 Be4 23. Qh3 Re6 24. Bd2 Qf6 25. Be3 Qg6 26. Ng3 f5 27. f3 f4
28. Bxf4 Bxf4 29. fxe4 Bxg3 30. Qxg3 Qxg3 31. hxg3 dxe4 32. Re3 Rd8 33. Rd1 Kf7
34. Kf2 Ke7 35. Ke2 Rd7 36. Rd2 Rd5 37. Kd1 Kd7 38. Kc2 Rg5 39. Rde2 Rg4 40. b4
Reg6 41. Rxe4 Rxe4 42. Rxe4 Rxg3 43. Re2 g5 44. Kd2 Ra3 45. Ke1 Rd3 46. Re4 h6
47. Ke2 Ra3 48. Re3 Rxa2+ 49. Kf3 Rb2 50. Ra3 a6 51. Ra4 Ke6 52. g4 Kd5 53. Ke3
Rb3+ 54. Kf2 Kxd4 55. b5+ Kxc5 56. bxa6 bxa6 57. Rxa6 Rh3 58. Kg2 Rh4 59. Kg3
Rh1 60. Ra8 Rd1 61. Rh8 Rd6 62. Kf3 Kd5 63. Re8 c5 64. Re1 c4 65. Rd1+ Kc5 66.
Rc1 Rf6+ 67. Kg3 Kb4 68. Rb1+ Kc3 69. Rb8 Kc2 70. Rc8 c3 71. Rc7 Kd1 72. Rd7+
Kc1 73. Rc7 c2 74. Rc8 Rf4 75. Rc6 Kd2 76. Rxh6 c1=Q 77. Rh1 Qc3+ 78. Kg2 Qf3+
0-1

[Event "Excelsior May op U2000"]
[Site "Toronto CAN"]
[Date "2023.05.20"]
[Round "3.12"]
[White "Desikan, Ajith"]
[Black "Huang, Justin"]
[Result "1/2-1/2"]
[WhiteElo "1660"]
[BlackElo "1579"]
[PlyCount "41"]
[EventDate "2023.05.19"]
[EventType "swiss"]
[EventRounds "5"]
[EventCountry "CAN"]

1. d4 f5 2. e4 fxe4 3. Nc3 Nf6 4. Bg5 g6 5. Bxf6 exf6 6. Nxe4 Qe7 7. Qe2 Bg7 8.
Nc3 Qxe2+ 9. Bxe2 c6 10. d5 f5 11. Bc4 Bxc3+ 12. bxc3 c5 13. Nf3 d6 14. Kd2 O-O
15. Rhe1 Nd7 16. Bd3 Nf6 17. c4 Bd7 18. Ng5 Rae8 19. f3 Rxe1 20. Rxe1 Re8 21.
Rxe8+ 1/2-1/2

[Event "Excelsior May op U2000"]
[Site "Toronto CAN"]
[Date "2023.05.20"]
[Round "3.13"]
[White "Hettigama, Thusitha"]
[Black "Huang, Ivan"]
[Result "1-0"]
[WhiteElo "1684"]
[BlackElo "1593"]
[PlyCount "171"]
[EventDate "2023.05.19"]
[EventType "swiss"]
[EventRounds "5"]
[EventCountry "CAN"]

1. c4 Nf6 2. Nf3 g6 3. d4 Bg7 4. e3 d6 5. Nc3 Nbd7 6. Be2 O-O 7. O-O c5 8. d5
Nb6 9. h3 e5 10. e4 Ne8 11. Bg5 f6 12. Be3 f5 13. Bg5 Bf6 14. Bxf6 Nxf6 15. Nd2
f4 16. Rb1 Rf7 17. b4 Nbd7 18. Nb5 Qe7 19. Nc7 Rb8 20. Ne6 Nb6 21. Ng5 Rg7 22.
bxc5 dxc5 23. Ngf3 Bd7 24. Bd3 g5 25. Nh2 h5 26. f3 g4 27. fxg4 hxg4 28. hxg4
Nxg4 29. Nxg4 Rxg4 30. Nf3 Qg7 31. Rf2 Kf7 32. Rbb2 Rh8 33. Kf1 Rh1+ 34. Ng1
Rg3 35. Qd2 Bh3 36. Qe2 Qg5 37. Qd2 f3 38. Qxg5 Bxg2+ 39. Rxg2 fxg2+ 40. Rxg2
Rxg5 41. Rxg5 Kf6 42. Rf5+ Ke7 43. Kg2 Rh6 44. Nf3 Nd7 45. Nxe5 Nf6 46. Nf3 Ng4
47. Kg3 Rg6 48. Kf4 Nh6 49. Re5+ Kd7 50. Rg5 Rf6+ 51. Ke3 Nf7 52. Rg7 Kd6 53.
Rh7 a6 54. a4 b6 55. Nh4 Ke5 56. Rh5+ Kd6 57. Rf5 Rxf5 58. Nxf5+ Ke5 59. d6 Ke6
60. Kf4 Ne5 61. Bf1 Ng6+ 62. Kg5 Nf8 63. Bh3 Kd7 64. e5 Ke6 65. d7 Kxd7 66. Kf6
Nh7+ 67. Kg6 Nf8+ 68. Kf7 Nh7 69. e6+ Kc7 70. e7 Ng5+ 71. Kf6 Nh7+ 72. Kg6 Kd7
73. Kxh7 Ke8 74. Kg7 b5 75. axb5 axb5 76. cxb5 c4 77. Kf6 Kd7 78. Kf7 c3 79.
e8=Q+ Kc7 80. Qc6+ Kb8 81. Qxc3 Ka8 82. Bg2+ Kb8 83. Qf3 Kc7 84. Qc6+ Kd8 85.
Qd6+ Kc8 86. Ne7# 1-0

[Event "Excelsior May op U2000"]
[Site "Toronto CAN"]
[Date "2023.05.21"]
[Round "4.6"]
[White "Cottrell, Deparse"]
[Black "Faisy, Mohammed"]
[Result "1/2-1/2"]
[WhiteElo "1604"]
[BlackElo "1839"]
[PlyCount "144"]
[EventDate "2023.05.19"]
[EventType "swiss"]
[EventRounds "5"]
[EventCountry "CAN"]

1. d4 Nf6 2. c4 e6 3. Nf3 d5 4. Nc3 Bb4 5. Bg5 h6 6. Bh4 dxc4 7. e3 b5 8. Be2
Bb7 9. O-O a6 10. Ne5 Be7 11. Bf3 Nd5 12. Bxe7 Qxe7 13. Ne4 Nc6 14. Nc5 Nxe5
15. Nxb7 Nxf3+ 16. Qxf3 O-O 17. Nc5 c6 18. a4 Nb4 19. b3 cxb3 20. Nxb3 Rfc8 21.
e4 e5 22. Qc3 exd4 23. Nxd4 Qxe4 24. Rfe1 Qd3 25. Qc5 Qc4 26. Qxc4 bxc4 27.
Rec1 c5 28. Nf5 Kf8 29. Rxc4 Rc6 30. Rd1 Re8 31. g4 Rc7 32. Rd6 Rec8 33. Kg2
Kg8 34. Rb6 Kh7 35. Nd6 Rd8 36. Ne4 Rdc8 37. Rd6 a5 38. Nd2 Rc6 39. Rd7 R8c7
40. Rd8 Rc8 41. Rxc8 Rxc8 42. Nb3 Nd3 43. Nxa5 Nb2 44. Rc2 Nxa4 45. Nc4 f6 46.
Ra2 Nc3 47. Ra7 Nb5 48. Rb7 Nd4 49. Nd6 Rc6 50. Nc4 Ne6 51. Kg3 Ng5 52. h4 Ne4+
53. Kf3 Nd6 54. Nxd6 Rxd6 55. Rc7 Rd3+ 56. Ke4 Rc3 57. h5 Rc4+ 58. Kf3 Rc1 59.
Ke2 c4 60. f3 c3 61. Rc4 Kg8 62. Kd3 Kf7 63. Rc7+ Ke6 64. Rxg7 Rf1 65. Kxc3
Rxf3+ 66. Kd4 f5 67. Rg6+ Kf7 68. Rxh6 fxg4 69. Rh7+ Kg8 70. Rh6 Rh3 71. Rg6+
Kh7 72. Rxg4 Rxh5 1/2-1/2

[Event "Excelsior May op U2000"]
[Site "Toronto CAN"]
[Date "2023.05.21"]
[Round "4.7"]
[White "Ambilwade, Ojal"]
[Black "Orlovsky, Konstantin"]
[Result "1-0"]
[WhiteElo "1632"]
[BlackElo "1824"]
[PlyCount "95"]
[EventDate "2023.05.19"]
[EventType "swiss"]
[EventRounds "5"]
[EventCountry "CAN"]

1. c4 Nf6 2. d4 c5 3. d5 d6 4. Nf3 g6 5. Nc3 Bg7 6. e4 a6 7. Nd2 O-O 8. Be2 Bd7
9. a4 Ne8 10. Ndb1 f5 11. exf5 Bxf5 12. g4 Bxb1 13. Rxb1 Nd7 14. Be3 Qa5 15.
O-O Nc7 16. h4 Rf7 17. Ne4 Raf8 18. Qc2 Qb6 19. h5 Bd4 20. Bh6 Bg7 21. Bd2 Qa7
22. f4 Qb8 23. hxg6 hxg6 24. Ng5 Bd4+ 25. Kg2 Rf6 26. Bd3 Qc8 27. Bxg6 Ne5 28.
Bf5 Rxf5 29. gxf5 Rxf5 30. Ne6 Ng6 31. Rh1 Nxe6 32. dxe6 Qxe6 33. Rbe1 Rg5+ 34.
Kf1 Qg4 35. Qe4 Nxf4 36. Bxf4 Rf5 37. Qe6+ Kg7 38. Qxe7+ Rf7 39. Rh7+ Kxh7 40.
Qxf7+ Bg7 41. Bd2 Qh3+ 42. Ke2 Qg4+ 43. Qf3 Qe6+ 44. Kd1 Qd7 45. Rh1+ Kg8 46.
Qd5+ Kf8 47. Rf1+ Ke8 48. Qg8+ 1-0

[Event "Excelsior May op U2000"]
[Site "Toronto CAN"]
[Date "2023.05.21"]
[Round "4.8"]
[White "Zhao, Jifan"]
[Black "Sreekumar, Gauri"]
[Result "1-0"]
[WhiteElo "1825"]
[BlackElo "1557"]
[PlyCount "127"]
[EventDate "2023.05.19"]
[EventType "swiss"]
[EventRounds "5"]
[EventCountry "CAN"]

1. e4 c5 2. Nf3 d6 3. Bb5+ Bd7 4. Bxd7+ Qxd7 5. O-O Nc6 6. c3 Nf6 7. Qe2 e6 8.
Rd1 Be7 9. d4 cxd4 10. Nxd4 O-O 11. c4 Rac8 12. Nc3 a6 13. Nf3 Rfd8 14. e5 Ne8
15. exd6 Bf8 16. Na4 Na5 17. Nb6 Qc6 18. Nxc8 Qxc8 19. Ne5 Bxd6 20. Bf4 f6 21.
Nf7 Kxf7 22. Qh5+ Ke7 23. Bxd6+ Rxd6 24. Qxa5 Qxc4 25. Rxd6 Nxd6 26. b3 Qc6 27.
Rd1 e5 28. Qd5 Qxd5 29. Rxd5 Nb5 30. Kf1 h6 31. Ke1 Nc3 32. Rc5 Nxa2 33. Rc7+
Ke6 34. Rxb7 g6 35. Rb6+ Ke7 36. Rxa6 Nb4 37. Ra7+ Kd6 38. Rg7 g5 39. Rg6 Nd3+
40. Kd2 Nc5 41. Rxf6+ Ke7 42. Rxh6 Nxb3+ 43. Kc3 Nd4 44. Rg6 Ne2+ 45. Kd2 Nf4
46. Rxg5 Kf6 47. h4 Ne6 48. Rg8 Ng7 49. Rxg7 Kxg7 50. Ke3 Kf6 51. Ke4 Ke6 52.
h5 Kf6 53. h6 Kg6 54. Kxe5 Kxh6 55. Kf6 Kh5 56. Kf5 Kh6 57. g4 Kg7 58. Kg5 Kf7
59. f4 Kg7 60. f5 Kf7 61. f6 Kg8 62. Kg6 Kf8 63. f7 Ke7 64. Kg7 1-0

[Event "Excelsior May op U2000"]
[Site "Toronto CAN"]
[Date "2023.05.21"]
[Round "4.9"]
[White "Pham, Thai"]
[Black "Ajith, Aarush"]
[Result "0-1"]
[WhiteElo "1753"]
[BlackElo "1667"]
[PlyCount "76"]
[EventDate "2023.05.19"]
[EventType "swiss"]
[EventRounds "5"]
[EventCountry "CAN"]

1. e4 c5 2. b3 d6 3. Nf3 Nf6 4. d3 e6 5. Bb2 Be7 6. Be2 O-O 7. Nbd2 Nc6 8. O-O
a6 9. a4 d5 10. exd5 exd5 11. d4 Bf5 12. dxc5 Bxc5 13. Nh4 Be4 14. Nxe4 Nxe4
15. Nf3 Qb6 16. Qxd5 Nxf2 17. a5 Qa7 18. Bxg7 Ne7 19. Qh5 Kxg7 20. Rxf2 Bxf2+
21. Kh1 Ng6 22. Bd3 Qc5 23. Ng5 Qe5 24. Qxh7+ Kf6 25. Rf1 Kxg5 26. h4+ Kg4 27.
Rxf2 Qe1+ 28. Rf1 Qxh4+ 29. Qxh4+ Nxh4 30. Be4 Rab8 31. Kh2 f5 32. Bd5 b6 33.
g3 Ng6 34. axb6 Rxb6 35. Rd1 Re8 36. Rd4+ f4 37. gxf4 Re2+ 38. Kg1 Nxf4 0-1

[Event "Excelsior May op U2000"]
[Site "Toronto CAN"]
[Date "2023.05.21"]
[Round "4.10"]
[White "O'Neill, Michael"]
[Black "Deepak, Laksshana"]
[Result "1-0"]
[WhiteElo "1543"]
[BlackElo "1726"]
[PlyCount "39"]
[EventDate "2023.05.19"]
[EventType "swiss"]
[EventRounds "5"]
[EventCountry "CAN"]

1. e4 c5 2. Nf3 d6 3. d4 cxd4 4. Nxd4 Nf6 5. Nc3 a6 6. Rg1 e5 7. Nb3 b5 8. a4
b4 9. Nd5 Nxe4 10. Qf3 f5 11. Be3 Nc6 12. Bb6 Qg5 13. Nc7+ Kd7 14. Nxa8 Bb7 15.
Be3 f4 16. Nb6+ Ke8 17. Qxe4 d5 18. Qxd5 Qf5 19. Bd3 Qg4 20. h3 1-0

[Event "Excelsior May op U2000"]
[Site "Toronto CAN"]
[Date "2023.05.21"]
[Round "4.11"]
[White "Chertkow, Matthew"]
[Black "Hettigama, Thusitha"]
[Result "1-0"]
[WhiteElo "1598"]
[BlackElo "1684"]
[PlyCount "59"]
[EventDate "2023.05.19"]
[EventType "swiss"]
[EventRounds "5"]
[EventCountry "CAN"]

1. e4 c5 2. d4 cxd4 3. c3 dxc3 4. Nxc3 Nc6 5. Nf3 d6 6. Bc4 a6 7. O-O Nf6 8. h3
e6 9. Bg5 Be7 10. Qe2 O-O 11. Rfd1 Qc7 12. Rac1 Rd8 13. Bb3 Qb8 14. Bf4 Na5 15.
Bc2 b5 16. e5 dxe5 17. Rxd8+ Bxd8 18. Bxe5 Qb6 19. Bd4 Qb8 20. Be5 Qb6 21. Bxf6
Bxf6 22. Bxh7+ Kf8 23. Ne4 Be7 24. Ne5 Nc4 25. Nxf7 e5 26. Qh5 Bf6 27. b3 Be6
28. Bg6 Bxf7 29. Bxf7 Qc6 30. bxc4 1-0

[Event "Excelsior May op U2000"]
[Site "Toronto CAN"]
[Date "2023.05.21"]
[Round "4.12"]
[White "Huang, Justin"]
[Black "Murali, Dhruv"]
[Result "1-0"]
[WhiteElo "1579"]
[BlackElo "1605"]
[PlyCount "188"]
[EventDate "2023.05.19"]
[EventType "swiss"]
[EventRounds "5"]
[EventCountry "CAN"]

1. d4 Nf6 2. c4 g6 3. f3 Bg7 4. e4 d6 5. Nc3 Nc6 6. Be3 e5 7. d5 Nb8 8. Bd3
Nbd7 9. b4 b6 10. Nge2 a6 11. a3 Bb7 12. Rb1 O-O 13. c5 c6 14. dxc6 Bxc6 15.
cxd6 Qb8 16. Bc4 Ne8 17. Nd5 Bxd5 18. Bxd5 Ra7 19. O-O Qxd6 20. Rc1 Qb8 21. Qb3
Nef6 22. Rfd1 Rc7 23. Rxc7 Qxc7 24. Rc1 Qb8 25. Rc6 Nxd5 26. Qxd5 Rd8 27. Rd6
Qc7 28. Bxb6 Nxb6 29. Rxd8+ Bf8 30. Qd1 Nc4 31. Kh1 Nd6 32. Ra8 Nb5 33. Qd8
Qxd8 34. Rxd8 Nxa3 35. Ra8 Nc2 36. Rxa6 Nxb4 37. Ra5 Nd3 38. Rd5 Nb4 39. Rxe5
Bd6 40. Re8+ Kg7 41. e5 Bc5 42. e6 fxe6 43. Rxe6 Nd3 44. g3 Kf7 45. Ra6 Nb4 46.
Ra5 Be3 47. Ra3 Bc5 48. Rc3 Bd6 49. Kg2 Be5 50. Rb3 Nc6 51. Rb7+ Ne7 52. f4 Bf6
53. Kf3 Ke6 54. Ke4 Nf5 55. Rxh7 Bg7 56. g4 Nd6+ 57. Kd3 Ne8 58. Rh3 Nf6 59.
Re3+ Kf7 60. h3 Nd5 61. Rf3 Nb4+ 62. Ke4 Nc6 63. f5 g5 64. Rb3 Nd8 65. Kd5 Ke8
66. Rb8 Ke7 67. Rxd8 Kxd8 68. Ke6 Ke8 69. f6 Bh8 70. Ng3 Kf8 71. f7 Bf6 72. Ne4
Be7 73. Nc3 Bf6 74. Na4 Bd4 75. Kf5 Kxf7 76. Kxg5 Kg7 77. h4 Bf6+ 78. Kh5 Bd4
79. g5 Kh7 80. Kg4 Kg6 81. h5+ Kg7 82. Kf5 Kf7 83. Ke4 Bf2 84. Nc3 Be1 85. Nd5
Bd2 86. Kf5 Kg7 87. Nc7 Kh7 88. Kf6 Bc3+ 89. Kf7 Be5 90. Nd5 Bg7 91. Ne3 Bd4
92. g6+ Kh8 93. h6 Bxe3 94. g7+ Kh7 1-0